| 000 | 006210000a22002410004500 | ||
|---|---|---|---|
| 005 | 20120302052249.0 | ||
| 942 | _cBOOK | ||
| 100 | _a Griffiths, Percival | ||
| 245 | _a Modern India: A brief history | ||
| 250 | _a 3rd | ||
| 260 |
_aMumbai: _bJaico, _c1962 |
||
| 300 | _aviii,294p | ||
| 040 | _aENG | ||
| 365 | _bRs.3.00 | ||
| 650 | _aHistory | ||
| 650 | _aHistory-India | ||
| 650 | _aIndia-Historical Background | ||
| 650 | _aIslam-Other Religions | ||
| 650 | _aBritish Power | ||
| 650 | _aLaw-Administration | ||
| 650 | _aImpact-British-Growth Nationalism-Economic Development | ||
| 650 | _aIndependence | ||
| 999 |
_c339627 _d339624 |
||